| 000 | 01561cam a2200409 a 4500 | ||
|---|---|---|---|
| 999 |
_c27960 _d27931 |
||
| 001 | 16375970 | ||
| 003 | EG-ScBUE | ||
| 005 | 20200127101732.0 | ||
| 008 | 100804s2003 cc a f 000 0 eng d | ||
| 020 | _a7508502566 | ||
| 020 | _a9787508502564 | ||
| 035 | _a(OCoLC)ocm57546580 | ||
| 040 |
_aTXJ _beng _erda _cTXJ _dOCLCG _dAU@ _dSINLB _dDLC _dEG-ScBUE |
||
| 041 | 1 |
_aeng _hchi |
|
| 043 | _aa-cc-pe | ||
| 082 | 0 | 4 |
_a782.10951 _bXUU _222 |
| 100 | 1 |
_aXu, Chengbei, _d1942- _eauthor. |
|
| 240 | 1 | 0 |
_aZhongguo jing ju. _lEnglish |
| 245 | 1 | 0 |
_aPeking opera / _cXu Chengbei ; translated by Chen Gengtao. |
| 264 | 1 |
_aBeijing : _bChina Intercontinental Press, _c2003. |
|
| 300 |
_a128 pages : _bcolor illustrations ; _c23 cm. |
||
| 336 |
_2rdacontent _atext _btxt |
||
| 337 |
_2rdamedia _aunmediated _bn |
||
| 338 |
_2rdacarrier _avolume _bnc |
||
| 490 | 0 |
_aCultural China series ; _vvolume 1 |
|
| 500 | _aThis book is published simultaneously in seven versions in different languages including Chinese, English, Japanese, Russian, French, German and Spanish. | ||
| 546 | _aText in English ; translated from the original Chinese language. | ||
| 650 | 7 |
_aTheater _zChina _zBeijing. _2BUEsh |
|
| 650 | 7 |
_aOperas, Chinese _xHistory and criticism. _2BUEsh |
|
| 653 |
_bAAHHCHINA _cJanuary2020 |
||
| 655 | _vReading book | ||
| 700 | 1 |
_aChen, Gengtao, _etranslator. |
|
| 906 |
_a7 _bcbc _ccopycat _d3 _encip _f20 _gy-gencatlg |
||
| 942 |
_2ddc _cBB |
||